| 000 | 00639nam a22002057a 4500 | ||
|---|---|---|---|
| 005 | 20251108165840.0 | ||
| 008 | 250721s2002 xx 000 0 ara d | ||
| 082 | 1 | 4 | _a155.4/فيف |
| 100 | 1 | _aفيفوتسكي، ليف سيموتفيتش | |
| 245 | 1 | 0 | _aالخيال و الإبداع عند الأطفال / |
| 264 | 1 |
_aبيروت : _bمؤسسة الرسالة، _c2002. |
|
| 300 | _a115ص | ||
| 650 | 1 | 7 | _aالخيال |
| 650 | 1 | 7 | _aالإبداع |
| 650 | 1 | 7 | _aسيكلولوجية الطفولة |
| 650 | 1 | 7 | _aعلم النفس |
| 700 | 1 |
_aسليمان، جمال أحمد _eترجمة |
|
| 942 |
_2ddc _cBK |
||
| 999 |
_c32862 _d32862 |
||